00651nam a2200181 a 450000500170000000800410001702000180005805000270007610000200010324501080012326000320023130000080026344000240027150000590029565000380035465000320039265000450042420140412111407.0061208s19uu xx 00 eng d a0-439-37659-9 aTR(GS 372.46bM11 2005 aMcIntosh, Edgar aMultisensory strategies :blessons and classroom management techniques to reach and teach all learners. aU.S.A :bScholastic,c2005. a160 aTeaching strategies aIncludes lessons, strategies, and mangement techniques aReading- phonetic method teaching aReading-- remedial teaching aEducation,Elementary-- activity programs